|
|
|
|
| LEADER |
00000cam a22000004a 4500 |
| 001 |
musev2_71308 |
| 003 |
MdBmJHUP |
| 005 |
20230905051339.0 |
| 006 |
m o d |
| 007 |
cr||||||||nn|n |
| 008 |
090817s2009 dcu o 00 0 eng d |
| 020 |
|
|
|a 9781589015937
|
| 020 |
|
|
|z 9781589012592
|
| 035 |
|
|
|a (OCoLC)430844027
|
| 040 |
|
|
|a MdBmJHUP
|c MdBmJHUP
|
| 100 |
1 |
|
|a Tubbs, James B.
|
| 245 |
1 |
2 |
|a A Handbook of Bioethics Terms /
|c James B. Tubbs Jr.
|
| 264 |
|
1 |
|a Washington, D.C. :
|b Georgetown University Press,
|c 2009.
|
| 264 |
|
3 |
|a Baltimore, Md. :
|b Project MUSE,
|c 2021
|
| 264 |
|
4 |
|c ©2009.
|
| 300 |
|
|
|a 1 online resource (208 pages).
|
| 336 |
|
|
|a text
|b txt
|2 rdacontent
|
| 337 |
|
|
|a computer
|b c
|2 rdamedia
|
| 338 |
|
|
|a online resource
|b cr
|2 rdacarrier
|
| 505 |
0 |
|
|a Contents; Preface; Acknowledgments; Bioethics Terms; A; B; C; D; E; F; G; H; I; J; K; L; M; N; O; P; Q; R; S; T; U; V; W; X; Z.
|
| 520 |
|
|
|a A valuable handbook of bioethics terms for undergraduate and graduate students in health care ethics, physicians, nurses, institutional ethics committees, and anyone interested in the health care field.
|
| 588 |
|
|
|a Description based on print version record.
|
| 650 |
|
7 |
|a Medical ethics.
|2 fast
|0 (OCoLC)fst01014081
|
| 650 |
|
7 |
|a Bioethics.
|2 fast
|0 (OCoLC)fst00832038
|
| 650 |
|
7 |
|a MEDICAL
|x Ethics.
|2 bisacsh
|
| 650 |
|
6 |
|a Bioethique.
|
| 650 |
|
6 |
|a Éthique medicale
|v Guides, manuels, etc.
|
| 650 |
1 |
2 |
|a Bioethics
|
| 650 |
|
0 |
|a Bioethics.
|
| 650 |
|
0 |
|a Bioethics
|v Dictionaries.
|
| 650 |
|
0 |
|a Medical ethics
|v Dictionaries.
|
| 650 |
|
0 |
|a Bioethics
|v Handbooks, manuals, etc.
|
| 650 |
|
0 |
|a Medical ethics
|v Handbooks, manuals, etc.
|
| 655 |
|
7 |
|a Dictionnaires.
|2 rvmgf
|
| 655 |
|
7 |
|a Handbooks and manuals.
|2 lcgft
|
| 655 |
|
7 |
|a Dictionaries.
|2 lcgft
|
| 655 |
|
7 |
|a Handbooks and manuals.
|2 fast
|0 (OCoLC)fst01423877
|
| 655 |
|
7 |
|a Dictionaries.
|2 fast
|0 (OCoLC)fst01423826
|
| 655 |
|
7 |
|a dictionaries.
|2 aat
|
| 655 |
|
2 |
|a Dictionary
|
| 655 |
|
7 |
|a Electronic books.
|2 local
|
| 710 |
2 |
|
|a Project Muse.
|e distributor
|
| 830 |
|
0 |
|a Book collections on Project MUSE.
|
| 856 |
4 |
0 |
|z Texto completo
|u https://projectmuse.uam.elogim.com/book/71308/
|
| 945 |
|
|
|a Project MUSE - Custom Collection
|
| 945 |
|
|
|a Project MUSE - Archive Complete Supplement IX
|
| 945 |
|
|
|a Project MUSE - Archive Public Health and Health Policy Supplement II
|